Compatibility studies on sulphur cured EPDM/CIIR blends (Record no. 56052)

MARC details
000 -LEADER
fixed length control field 00584nam a2200193Ia 4500
100 ## - MAIN ENTRY--AUTHOR NAME
Personal name Sunil Jose T
245 #0 - TITLE STATEMENT
Title Compatibility studies on sulphur cured EPDM/CIIR blends
260 ## - PUBLICATION, DISTRIBUTION, ETC. (IMPRINT)
Name of publisher International Seminar on Advances in Polymer Technology, 16-17, January 2004, Cochin University of Science and Technology, Kochi,pp.70
650 ## - SUBJECT ADDED ENTRY--TOPICAL TERM
Topical Term Blend
650 ## - SUBJECT ADDED ENTRY--TOPICAL TERM
Topical Term CIIR
650 ## - SUBJECT ADDED ENTRY--TOPICAL TERM
Topical Term Compatibility
650 ## - SUBJECT ADDED ENTRY--TOPICAL TERM
Topical Term EPDM
700 ## - ADDED ENTRY--PERSONAL NAME
Personal name Anoop Anand K
700 ## - ADDED ENTRY--PERSONAL NAME
Personal name George K E
700 ## - ADDED ENTRY--PERSONAL NAME
Personal name Rani Joseph
856 ## - ELECTRONIC LOCATION AND ACCESS
Uniform Resource Identifier Abst only
942 ## - ADDED ENTRY ELEMENTS (KOHA)
Koha item type Journals
Holdings
Withdrawn status Lost status Damaged status Not for loan Home library Current library Shelving location Date acquired Koha item type
      Journals RRII Library RRII Library Rubber chemistry 17/12/2021 Journals